Advanced Accountancy (Record no. 221546)
[ view plain ]
| 000 -LEADER | |
|---|---|
| fixed length control field | 00786nam a22002657a 4500 |
| 005 - DATE AND TIME OF LATEST TRANSACTION | |
| control field | 20220218143604.0 |
| 008 - FIXED-LENGTH DATA ELEMENTS--GENERAL INFORMATION | |
| fixed length control field | 220217b ||||| |||| 00| 0 eng d |
| 020 ## - INTERNATIONAL STANDARD BOOK NUMBER | |
| International Standard Book Number | 9789327296082 |
| 040 ## - CATALOGING SOURCE | |
| Transcribing agency | AL |
| 041 ## - LANGUAGE CODE | |
| Language code of text/sound track or separate title | English |
| 082 ## - DEWEY DECIMAL CLASSIFICATION NUMBER | |
| Edition number | 23 |
| Classification number | 657.046 |
| Item number | JAIA |
| 100 ## - MAIN ENTRY--PERSONAL NAME | |
| Personal name | Jain S P and others |
| 100 ## - MAIN ENTRY--PERSONAL NAME | |
| 9 (RLIN) | 20952 |
| 245 ## - TITLE STATEMENT | |
| Title | Advanced Accountancy |
| Remainder of title | Principles of Accounting (Including GST) |
| 260 ## - PUBLICATION, DISTRIBUTION, ETC. | |
| Place of publication, distribution, etc. | Ludhiana |
| Name of publisher, distributor, etc. | Kalyani Publishers |
| Date of publication, distribution, etc. | 2021 |
| 300 ## - PHYSICAL DESCRIPTION | |
| Extent | 1498 p. |
| Other physical details | PB |
| Dimensions | 24x16 cm. |
| 365 ## - TRADE PRICE | |
| Price type code | 5863 |
| Price amount | ₹520.00 |
| Currency code | ₹ |
| Unit of pricing | ₹650.00 |
| Price note | 20% |
| Price effective from | 15-02-2022 |
| 440 ## - SERIES STATEMENT/ADDED ENTRY--TITLE | |
| Title | Vol I |
| 9 (RLIN) | 20587 |
| 650 ## - SUBJECT ADDED ENTRY--TOPICAL TERM | |
| Topical term or geographic name entry element | Accountancy |
| 9 (RLIN) | 20588 |
| 650 ## - SUBJECT ADDED ENTRY--TOPICAL TERM | |
| Topical term or geographic name entry element | GST |
| 9 (RLIN) | 20953 |
| 700 ## - ADDED ENTRY--PERSONAL NAME | |
| Personal name | JAIN (S P) |
| 9 (RLIN) | 20589 |
| 700 ## - ADDED ENTRY--PERSONAL NAME | |
| Personal name | NARANG (K L) |
| 9 (RLIN) | 20590 |
| 700 ## - ADDED ENTRY--PERSONAL NAME | |
| Personal name | AGRAWAL (Simmi) |
| 9 (RLIN) | 20591 |
| 700 ## - ADDED ENTRY--PERSONAL NAME | |
| Personal name | SEHGAL (Monika) |
| 9 (RLIN) | 20592 |
| 942 ## - ADDED ENTRY ELEMENTS (KOHA) | |
| Source of classification or shelving scheme | Dewey Decimal Classification |
| Koha item type | Book |
| Withdrawn status | Lost status | Source of classification or shelving scheme | Damaged status | Not for loan | Collection code | Home library | Current library | Date acquired | Source of acquisition | Cost, normal purchase price | Total Checkouts | Full call number | Barcode | Date last seen | Cost, replacement price | Price effective from | Koha item type |
|---|---|---|---|---|---|---|---|---|---|---|---|---|---|---|---|---|---|
| Dewey Decimal Classification | Commerce | St Aloysius Library | St Aloysius Library | 02/16/2022 | Biblios Book Point | 520.00 | 657.046 JAIA | 075476 | 02/17/2022 | 650.00 | 02/17/2022 | Book |